[Event "AUT2M-chT 1998/99"]
[Site "Salzburg"]
[Date "1999.02.28"]
[Round "9.3"]
[White "Eichler, Christoph"]
[Black "Karner, Christoph"]
[Result "1/2-1/2"]
[WhiteElo "2255"]
[BlackElo "2181"]
[PlyCount "75"]
[EventDate "1999.02.27"]

1. g3 g6 2. Bg2 Bg7 3. d4 Nf6 4. e4 d6 5. Ne2 O-O 6. O-O e5 7. h3 exd4 8. Nxd4
Re8 9. Nc3 Nbd7 10. Re1 Nc5 11. Nb3 Ncd7 12. a4 a5 13. Nb5 Nb6 14. Bd2 Nc4 15.
Bc3 Bd7 16. Nd2 Nxd2 17. Qxd2 Bc6 18. e5 dxe5 19. Qxd8 Raxd8 20. Nxc7 Re7 21.
Nb5 Bxg2 22. Kxg2 b6 23. Rxe5 Rxe5 24. Bxe5 Ne4 25. Bxg7 Kxg7 26. Re1 Nc5 27.
b3 Rd2 28. Na3 f5 29. Kf1 Kf6 30. Re2 Rd4 31. Nb5 Rd1+ 32. Kg2 Ne6 33. h4 h6
34. Na3 f4 35. Re4 Kf5 36. Rc4 g5 37. hxg5 hxg5 38. Nb5 1/2-1/2

[Event "AUT2M-chT 1998/99"]
[Site "Salzburg"]
[Date "1999.02.28"]
[Round "9.3"]
[White "Enigl, Karl"]
[Black "Harringer, Franz"]
[Result "1/2-1/2"]
[WhiteElo "2198"]
[BlackElo "2180"]
[PlyCount "55"]
[EventDate "1999.02.27"]

1. Nf3 Nf6 2. c4 g6 3. Nc3 Bg7 4. d4 d5 5. cxd5 Nxd5 6. Bd2 c5 7. e4 Nxc3 8.
Bxc3 O-O 9. Be2 Bg4 10. d5 e6 11. O-O exd5 12. exd5 Re8 13. h3 Bf5 14. Qd2 Qd6
15. Rfe1 Nd7 16. Bxg7 Kxg7 17. Bb5 Rxe1+ 18. Rxe1 Nf6 19. Rd1 Rd8 20. Bc4 Kg8
21. Qh6 Re8 22. Qd2 Ne4 23. Qe3 Qf6 24. Bd3 b6 25. Bxe4 Rxe4 26. Qa3 a5 27. d6
Bd7 28. Qd3 1/2-1/2

[Event "AUT2M-chT 1998/99"]
[Site "Salzburg"]
[Date "1999.02.28"]
[Round "9.4"]
[White "Weiss, Christian"]
[Black "Ager, Josef"]
[Result "1-0"]
[WhiteElo "2432"]
[BlackElo "2330"]
[PlyCount "109"]
[EventDate "1999.02.27"]

1. g3 d5 2. Bg2 c6 3. d3 Bf5 4. Nd2 e6 5. e4 Bg6 6. Ngf3 Nd7 7. O-O Bd6 8. Qe2
Bh5 9. c4 Ne7 10. d4 O-O 11. Qe3 c5 12. exd5 exd5 13. cxd5 Nxd5 14. Qb3 N5b6
15. Ne4 Be7 16. dxc5 Nxc5 17. Nxc5 Bxc5 18. Bf4 Qd5 19. Nd2 Qd7 20. a4 Rad8 21.
Ne4 Be7 22. Nc3 Qc8 23. a5 Qc4 24. Qxc4 Nxc4 25. Bxb7 Bf6 26. a6 g5 27. Ne4
Bxb2 28. Bxg5 Bxa1 29. Bxd8 Rxd8 30. Rxa1 Kg7 31. Rc1 Rd4 32. Kg2 Bg4 33. Nc5
Nd6 34. h3 Be2 35. Re1 Rd2 36. Bf3 Bxf3+ 37. Kxf3 Rc2 38. Re5 h6 39. g4 Kg6 40.
Rd5 Nb5 41. Nd3 Nc7 42. Rd6+ Kg7 43. Nf4 Ra2 44. Nh5+ Kf8 45. Rd7 Nxa6 46. Rxa7
Nb4 47. Rd7 Ra3+ 48. Kg2 Ra6 49. Rd8+ Ke7 50. Rh8 Nc2 51. Ng7 Nd4 52. Re8+ Kf6
53. Nh5+ Kg6 54. Rg8+ Kh7 55. Rg7+ 1-0

[Event "AUT2M-chT 1998/99"]
[Site "Salzburg"]
[Date "1999.02.28"]
[Round "9.4"]
[White "Riediger, Martin"]
[Black "Neckar, Lubomir"]
[Result "1-0"]
[WhiteElo "2202"]
[BlackElo "2343"]
[PlyCount "80"]
[EventDate "1999.02.27"]

1. e4 Nf6 2. e5 Nd5 3. Na3 d6 4. Nc4 Nc6 5. Nf3 g6 6. d4 Bg7 7. Be2 O-O 8. O-O
h6 9. c3 Rb8 10. a4 Be6 11. Re1 Qd7 12. Bf1 Rbd8 13. exd6 cxd6 14. h3 f5 15.
Ne3 Bf7 16. Bc4 Nxe3 17. Bxf7+ Rxf7 18. Bxe3 f4 19. Bc1 e5 20. d5 Ne7 21. c4
Nf5 22. Bd2 g5 23. Bc3 Rc8 24. Qd3 Bh8 25. Re2 a6 26. a5 Qd8 27. Rae1 b6 28.
Bxe5 dxe5 29. Nxe5 Bxe5 30. Rxe5 Qd7 31. axb6 Nh4 32. Re6 Kg7 33. Qd4+ Kh7 34.
d6 Nf5 35. Qe4 Kg7 36. Qe5+ Kh7 37. c5 f3 38. g4 Ng7 39. Qe4+ Kg8 40. Rxh6 Rf4
1-0

[Event "AUT2M-chT 1998/99"]
[Site "Salzburg"]
[Date "1999.02.28"]
[Round "9.4"]
[White "Kranzl, Peter"]
[Black "Bensch, Patrick"]
[Result "0-1"]
[WhiteElo "2269"]
[BlackElo "2255"]
[PlyCount "78"]
[EventDate "1999.02.27"]

1. e4 c5 2. c3 Nf6 3. e5 Nd5 4. d4 cxd4 5. Qxd4 e6 6. Nf3 Nc6 7. Qe4 Qc7 8.
Nbd2 Nde7 9. Nc4 Ng6 10. a4 f6 11. Bf4 Nxf4 12. Qxf4 Be7 13. Qg3 O-O 14. exf6
Qxg3 15. hxg3 gxf6 16. Bd3 Rf7 17. O-O-O d5 18. Ne3 Bd7 19. Rh5 Rg7 20. Rdh1 f5
21. g4 fxg4 22. Bxh7+ Kf7 23. Nh2 g3 24. fxg3 Bg5 25. Nhf1 d4 26. cxd4 Nxd4 27.
Kb1 Rc8 28. Nc2 Nb3 29. Be4 Bxa4 30. Rh7 Nc5 31. Rxg7+ Kxg7 32. Bf3 Nd3 33.
Nfe3 Bf6 34. Rh5 Nxb2 35. Be4 Nc4 36. Rh7+ Kg8 37. Bd3 Nxe3 38. Nxe3 Rc3 39.
Bg6 Rxe3 0-1

[Event "AUT2M-chT 1998/99"]
[Site "Salzburg"]
[Date "1999.02.28"]
[Round "9.4"]
[White "Hager, Herbert"]
[Black "Knechtel, Roland"]
[Result "0-1"]
[WhiteElo "2185"]
[BlackElo "2150"]
[PlyCount "88"]
[EventDate "1999.02.27"]

1. c4 e6 2. d4 d5 3. Nc3 Nf6 4. Nf3 Nbd7 5. cxd5 exd5 6. Bg5 c6 7. e3 Be7 8.
Bd3 O-O 9. O-O Re8 10. Qc2 Nf8 11. Rab1 Ng6 12. b4 a6 13. a4 Bd6 14. Bf5 h6 15.
Bxc8 Rxc8 16. Bxf6 Qxf6 17. h3 Ne7 18. Qd3 g5 19. e4 dxe4 20. Nxe4 Qg6 21. Rfd1
Nd5 22. Nxd6 Qxd6 23. Ne5 Rc7 24. Qc4 Kg7 25. g3 Qe6 26. Kh2 Qf5 27. Rb2 Nf4
28. gxf4 Qxf4+ 29. Kg2 Rxe5 30. Qc3 Rd5 31. Qg3 Qxg3+ 32. Kxg3 Rcd7 33. Rbd2
Rf5 34. Rb1 Rdd5 35. Rb3 Rf4 36. Rbd3 Kf6 37. Rf3 Rxf3+ 38. Kxf3 Rf5+ 39. Ke3
Ke6 40. Rd1 Rf4 41. b5 cxb5 42. axb5 Kd5 43. b6 Re4+ 44. Kf3 Rxd4 0-1

[Event "AUT2M-chT 1998/99"]
[Site "Bad Schallerbach"]
[Date "1999.02.28"]
[Round "9.5"]
[White "Haba, Petr"]
[Black "Rotstein, Arkadij"]
[Result "1/2-1/2"]
[WhiteElo "2545"]
[BlackElo "2493"]
[PlyCount "81"]
[EventDate "1999.02.27"]

1. d4 Nf6 2. c4 g6 3. Nc3 d5 4. Nf3 Bg7 5. cxd5 Nxd5 6. e4 Nxc3 7. bxc3 c5 8.
Rb1 O-O 9. Be2 b6 10. O-O Bb7 11. Qd3 Ba6 12. Qe3 e6 13. Rd1 Qc8 14. Ba3 Bxe2
15. Qxe2 Qa6 16. Qxa6 Nxa6 17. c4 Rfe8 18. d5 exd5 19. exd5 Re4 20. Nd2 Re7 21.
Re1 Rae8 22. Rxe7 Rxe7 23. Kf1 Kf8 24. Bb2 Nb4 25. Bxg7+ Kxg7 26. a3 Nc2 27.
Rc1 Nd4 28. a4 Kf6 29. g3 h5 30. h4 Ke5 31. Re1+ Kd6 32. Ne4+ Kd7 33. a5 f5 34.
Nf6+ Kd8 35. Rb1 Rb7 36. Re1 Rf7 37. Re8+ Kc7 38. axb6+ axb6 39. Ng8 f4 40.
Re7+ Rxe7 41. Nxe7 1/2-1/2

[Event "AUT2M-chT 1998/99"]
[Site "Bad Schallerbach"]
[Date "1999.02.28"]
[Round "9.5"]
[White "Sandor, Christian"]
[Black "Wukits, Rene"]
[Result "1-0"]
[WhiteElo "2350"]
[BlackElo "2230"]
[PlyCount "69"]
[EventDate "1999.02.27"]

1. e4 c5 2. Nf3 d6 3. d4 cxd4 4. Nxd4 Nf6 5. Nc3 g6 6. Be3 Bg7 7. f3 O-O 8. Qd2
Nc6 9. Bc4 Bd7 10. O-O-O Qb8 11. h4 h5 12. g4 b5 13. Bd5 b4 14. Nce2 Rc8 15.
gxh5 Nxh5 16. Nf5 gxf5 17. Rdg1 Ne5 18. Bh6 Nxf3 19. Rxg7+ Nxg7 20. Qf4 Qc7 21.
Bb3 Ne5 22. Qg5 Ng6 23. Bxg7 Be6 24. Nd4 Bxb3 25. axb3 e5 26. Rh2 Kxg7 27.
Nxf5+ Kf8 28. h5 Ne7 29. h6 Ng6 30. h7 Ke8 31. Qxg6 fxg6 32. h8=Q+ Kd7 33. Rh7+
Ke6 34. Ng7+ Ke7 35. Nh5+ 1-0

[Event "AUT2M-chT 1998/99"]
[Site "Bad Schallerbach"]
[Date "1999.02.28"]
[Round "9.5"]
[White "Kreindl, Helmut"]
[Black "Singer, Christoph"]
[Result "1/2-1/2"]
[WhiteElo "2225"]
[BlackElo "2245"]
[PlyCount "110"]
[EventDate "1999.02.27"]

1. e4 e5 2. Bc4 Nf6 3. d3 Bc5 4. Nf3 d6 5. c3 Bb6 6. O-O O-O 7. Nbd2 Nc6 8. Bb3
a6 9. Nc4 Ba7 10. Ne3 Qe7 11. Kh1 Kh8 12. h3 Bd7 13. Ng1 Rad8 14. Ne2 Nh5 15.
Ng3 Nf4 16. Nd5 Nxd5 17. exd5 Nb8 18. Qh5 Rde8 19. f4 g6 20. Qh6 f5 21. fxe5
dxe5 22. Bg5 Qd6 23. Qh4 Bb5 24. Rad1 a5 25. Rfe1 Nd7 26. d4 a4 27. Bc2 e4 28.
b3 Qxd5 29. bxa4 Bc4 30. Ne2 Bxa2 31. Nf4 Qf7 32. d5 Bc5 33. Ne6 Rxe6 34. dxe6
Bxe6 35. Bh6 Re8 36. Bf4 c6 37. Qg3 Bf8 38. Rb1 Nf6 39. Be5 Bg7 40. Rb2 Qe7 41.
Qf2 Bd5 42. Bd4 Qc7 43. Bb3 Bxb3 44. Rxb3 f4 45. Reb1 e3 46. Qh4 Qd6 47. Rxb7
e2 48. Bxf6 Qxf6 49. Qe1 f3 50. Rb8 fxg2+ 51. Kxg2 Qg5+ 52. Kh1 Qd5+ 53. Kg1
Qg5+ 54. Kh1 Qd5+ 55. Kg1 Qg5+ 1/2-1/2

[Event "AUT2M-chT 1998/99"]
[Site "Bad Schallerbach"]
[Date "1999.02.28"]
[Round "9.5"]
[White "Brandstaetter, Friedrich"]
[Black "Froeschl, Felix"]
[Result "1/2-1/2"]
[WhiteElo "2130"]
[BlackElo "2240"]
[PlyCount "22"]
[EventDate "1999.02.27"]

1. e4 c5 2. Nf3 d6 3. d4 cxd4 4. Nxd4 Nf6 5. Nc3 a6 6. Be2 e5 7. Nb3 Be6 8. O-O
Nbd7 9. a4 b6 10. f4 Qc7 11. f5 Bc4 1/2-1/2

[Event "AUT2M-chT 1998/99"]
[Site "Bad Schallerbach"]
[Date "1999.02.28"]
[Round "9.6"]
[White "Orsag, Milan"]
[Black "Tompa, Janos"]
[Result "1/2-1/2"]
[WhiteElo "2360"]
[BlackElo "2400"]
[PlyCount "26"]
[EventDate "1999.02.27"]

1. d4 Nf6 2. Nf3 g6 3. c4 Bg7 4. Nc3 d5 5. Bf4 c5 6. dxc5 Qa5 7. Rc1 dxc4 8. e3
Qxc5 9. Qa4+ Bd7 10. Qxc4 Qxc4 11. Bxc4 Nc6 12. Ne5 Nxe5 13. Bxe5 Rc8 1/2-1/2

[Event "AUT2M-chT 1998/99"]
[Site "Bad Schallerbach"]
[Date "1999.02.28"]
[Round "9.6"]
[White "Heimberger, Reinhard"]
[Black "Schmidt, Peter"]
[Result "0-1"]
[WhiteElo "2280"]
[BlackElo "2412"]
[PlyCount "58"]
[EventDate "1999.02.27"]

1. c4 Nf6 2. Nc3 c5 3. g3 e6 4. Bg2 d5 5. cxd5 exd5 6. d3 d4 7. Ne4 Nxe4 8.
dxe4 Nc6 9. f4 c4 10. Nf3 Bb4+ 11. Kf2 O-O 12. e3 d3 13. Bd2 Bg4 14. Rc1 b5 15.
Bxb4 Nxb4 16. Qd2 Nc2 17. Ne5 Be6 18. h4 Rc8 19. f5 Qf6 20. Nf3 Bd7 21. e5 Qb6
22. Bh3 Rfd8 23. Ng5 f6 24. Nf7 Kxf7 25. e6+ Ke8 26. exd7+ Rxd7 27. Rxc2 dxc2
28. Qxc2 Rcd8 29. Qe4+ Re7 0-1

[Event "AUT2M-chT 1998/99"]
[Site "Bad Schallerbach"]
[Date "1999.02.28"]
[Round "9.6"]
[White "Kaiser, Wolfgang"]
[Black "Trauner, Rudolf"]
[Result "1-0"]
[WhiteElo "2395"]
[BlackElo "2255"]
[PlyCount "119"]
[EventDate "1999.02.27"]

1. Nf3 Nf6 2. g3 b6 3. Bg2 Bb7 4. O-O e6 5. d3 Be7 6. e4 d6 7. Nbd2 Nbd7 8. Re1
O-O 9. d4 c5 10. b3 Qc7 11. Bb2 cxd4 12. Nxd4 a6 13. c4 Rfe8 14. Rc1 Rac8 15.
Nb1 Qb8 16. Nc3 Qa8 17. f3 Bf8 18. Kh1 Qb8 19. Qe2 Rcd8 20. Rcd1 Qc7 21. Qe3
Ba8 22. Ba1 Bb7 23. Rc1 Qb8 24. g4 g6 25. Re2 Bg7 26. Rce1 Nc5 27. Rd1 Qc7 28.
Rc2 Ncd7 29. Qf2 Qb8 30. Nde2 Ba8 31. Rcd2 Ne5 32. h3 Nc6 33. Ng3 Re7 34. Na4
b5 35. Nb6 Bb7 36. f4 Ne8 37. Bxg7 Kxg7 38. g5 f6 39. h4 f5 40. exf5 gxf5 41.
c5 dxc5 42. Nd7 Qc7 43. Nxc5 Rxd2 44. Rxd2 Na5 45. b4 Bxg2+ 46. Qxg2 Nc4 47.
Rd7 Qxd7 48. Nxd7 Rxd7 49. Qc6 Rd1+ 50. Kh2 Kf7 51. Qb7+ Kg8 52. Nh5 Ne3 53.
Qe7 Ng4+ 54. Kh3 Rd3+ 55. Ng3 Ng7 56. h5 Rd2 57. Nf1 Rd3+ 58. Kg2 Rc3 59. h6
Rc2+ 60. Kg1 1-0

[Event "AUT2M-chT 1998/99"]
[Site "Bad Schallerbach"]
[Date "1999.02.28"]
[Round "9.6"]
[White "Tober, Gerhard"]
[Black "Denk, Adolf"]
[Result "0-1"]
[WhiteElo "2210"]
[BlackElo "2261"]
[PlyCount "76"]
[EventDate "1999.02.27"]

1. e4 c5 2. c3 g6 3. d4 Qa5 4. d5 Bg7 5. f4 d6 6. Nf3 Nf6 7. Nbd2 O-O 8. a4 Qc7
9. Bd3 e6 10. dxe6 Bxe6 11. Ng5 Bd7 12. O-O Bc6 13. Re1 Nbd7 14. Ndf3 Rae8 15.
Nd2 Re7 16. Nh3 Rfe8 17. Nf2 Nxe4 18. Ndxe4 d5 19. Be3 dxe4 20. Bc4 Nb6 21. Bb3
c4 22. Bc2 Nd5 23. Qe2 Nxe3 24. Qxe3 Qa5 25. Nd1 Rd7 26. Qe2 Qb6+ 27. Ne3 Qxb2
28. Qxc4 Qxc3 29. Rac1 Qf6 30. g3 Rd4 31. Qc5 b6 32. Qc3 Bxa4 33. Ng4 Qd6 34.
Ne5 Bxe5 35. fxe5 Qxe5 36. Bb1 e3 37. Ba2 Rd7 38. Ra1 Qxc3 0-1